书目信息 |
| 题名: |
科学的哲学反思
|
|
| 作者: | 黄顺基 , 刘大椿 著 | |
| 分册: | ||
| 出版信息: | 北京 中国人民大学出版社 1987 |
|
| 页数: | 239页 | |
| 开本: | 19cm | |
| 丛书名: | ||
| 单 册: | ||
| 中图分类: | N02 , G30 | |
| 科图分类: | ||
| 主题词: | 科学哲学--研究 , 科学研究--理论 | |
| 电子资源: | ||
| ISBN: | 7-300-00017-7 | |
| 000 | 00714nam0 2200265 45 | |
| 001 | 0187007828 | |
| 005 | 20040430103011.9 | |
| 010 | @a7-300-00017-7@dCNY1.75 | |
| 100 | @a19900808d1987 emky0chiy0121 ea | |
| 101 | 0 | @achi |
| 102 | @aCN@b110000 | |
| 105 | @ay z 000yy | |
| 106 | @ar | |
| 200 | 10 | @a科学的哲学反思@Ake xue de zhe xue fan si@f黄顺基, 刘大椿著 |
| 210 | @a北京@c中国人民大学出版社@d1987 | |
| 215 | @a239页@d19cm | |
| 606 | @a科学哲学@x研究 | |
| 606 | 0 | @a科学研究@x理论 |
| 690 | @aN02@v3 | |
| 690 | @aG30 | |
| 701 | 0 | @a黄顺基@Ahuang shun ji@4著 |
| 701 | 0 | @a刘大椿@Aliu da chun@4著 |
| 801 | 0 | @aCN@b深圳图书馆@c20040430 |
| 801 | 2 | @aCN@bNLC@c20040430 |
| 905 | @f1@b213283@dG30@e55 | |
| 科学的哲学反思/黄顺基, 刘大椿著.-北京:中国人民大学出版社,1987 |
| 239页;19cm |
| ISBN 7-300-00017-7:CNY1.75 |
| ● |
| 相关链接 |
|
|
|
|
正题名:科学的哲学反思
索取号:G30/55
 
预约/预借
| 序号 | 登录号 | 条形码 | 馆藏地/架位号 | 状态 | 备注 |
| 1 | 0213283 | 000987258 | 密集书库/ [索取号:G30/55] | 在馆 | |
| 2 | 0213284 | 002059667 | 第一样本阅览室/ [索取号:G30/55] | 在馆 |